[Event "MCRE_O15"]
[Site "?"]
[Date "2003.??.??"]
[Round "?"]
[White "Popelka, Miloslav"]
[Black "Listopad, Martin"]
[Result "1-0"]
[WhiteElo "1800"]
[BlackElo "2000"]
[PlyCount "61"]
[EventDate "2003.??.??"]
[EventType "corr"]
[EventRounds "2"]
[SourceDate "2005.03.12"]

1. d4 Nf6 2. Nf3 g6 3. c4 Bg7 4. g3 d5 5. cxd5 Nxd5 6. Bg2 Nb6 7. O-O Nc6 8. e3
e5 9. Nc3 Bg4 10. h3 Bxf3 11. Qxf3 exd4 12. exd4 O-O 13. Be3 Qd7 14. Rad1 Rad8
15. Bg5 f6 16. Bf4 a6 17. d5 Ne5 18. Qe2 Rfe8 19. Ne4 Qf7 20. Nc5 c6 21. dxc6
Nxc6 22. Rxd8 Nxd8 23. Qc2 Nd5 24. Bd6 f5 25. Rd1 Nb6 26. Bf4 Nc6 27. Nxb7 Nd4
28. Qc7 Qxc7 29. Bxc7 Na4 30. Bd5+ Kh8 31. Nd6 1-0

[Event "MCRE_O15"]
[Site "?"]
[Date "2003.??.??"]
[Round "?"]
[White "Popelka, Miloslav"]
[Black "Pauschek, Roman"]
[Result "1/2-1/2"]
[WhiteElo "1800"]
[BlackElo "2082"]
[PlyCount "51"]
[EventDate "2003.??.??"]
[EventType "corr"]
[EventRounds "2"]
[SourceDate "2005.03.12"]

1. d4 d5 2. c4 e6 3. Nf3 Nf6 4. Nc3 Be7 5. Bf4 O-O 6. e3 Nbd7 7. Qc2 c5 8. cxd5
Nxd5 9. Nxd5 exd5 10. Bd3 g6 11. dxc5 Qa5+ 12. Nd2 Nxc5 13. O-O Nxd3 14. Qxd3
Bf5 15. Qd4 Bc5 16. Qf6 Qb6 17. Be5 Qxf6 18. Bxf6 a5 19. Rfd1 Rfc8 20. Nb3 a4
21. Nxc5 Rxc5 22. h3 h6 23. Rd2 Rac8 24. Rad1 R5c6 25. Bc3 Be6 26. f3 1/2-1/2

[Event "MCRE_O15"]
[Site "?"]
[Date "2003.??.??"]
[Round "?"]
[White "Popelka, Miloslav"]
[Black "Vrnak, Michal"]
[Result "1/2-1/2"]
[WhiteElo "1800"]
[BlackElo "1800"]
[PlyCount "156"]
[EventDate "2003.??.??"]
[EventType "corr"]
[EventRounds "2"]
[SourceDate "2005.03.12"]

1. d4 d5 2. c4 e6 3. Nf3 Nf6 4. Nc3 c6 5. Bg5 h6 6. Bxf6 Qxf6 7. e3 Nd7 8. Bd3
dxc4 9. Bxc4 Be7 10. O-O O-O 11. Ne4 Qf5 12. Ng3 Qa5 13. Qc2 c5 14. dxc5 Qxc5
15. Qe2 Nb6 16. Bd3 Bd7 17. Rac1 Qa5 18. a3 Rac8 19. Rfd1 Rfd8 20. Rc2 Nd5 21.
Rdc1 Rxc2 22. Rxc2 b5 23. Rc1 b4 24. axb4 Nxb4 25. Bc4 Bc6 26. Nd4 Bb7 27. Nh5
a6 28. b3 Bf8 29. Qg4 Qg5 30. Qxg5 hxg5 31. Ng3 g4 32. Kf1 g6 33. Be2 e5 34.
Nc2 Rc8 35. Bc4 a5 36. Nxb4 Bxb4 37. Ne2 Kg7 38. Rd1 Rc7 39. Nc1 a4 40. Nd3 Be7
41. Nxe5 axb3 42. Bxb3 Ba6+ 43. Kg1 f6 44. Nxg4 Be2 45. Nxf6 Kxf6 46. Ra1 g5
47. Bd1 Bd3 48. g3 Be4 49. h4 gxh4 50. gxh4 Bd6 51. f3 Bd5 52. Kf2 Rb7 53. Be2
Bf7 54. Ra6 Ke7 55. Ra4 Rb2 56. Kf1 Be8 57. Rg4 Kf6 58. f4 Bc5 59. Rg3 Bg6 60.
h5 Bf5 61. Ke1 Bb4+ 62. Kf1 Be4 63. Bf3 Bd3+ 64. Kg1 Bc5 65. Bg4 Bc2 66. Be2
Be4 67. Kf1 Rb1+ 68. Kf2 Bb4 69. Rg1 Rb2 70. Rd1 Bc5 71. Rd7 Ke6 72. Rd8 Kf7
73. Rd1 Rc2 74. Ke1 Bxe3 75. Bd3 Bxd3 76. Rxd3 Bxf4 77. Rf3 Rc4 78. Kf2 Kf6
1/2-1/2

[Event "MCRE_O15"]
[Site "?"]
[Date "2003.??.??"]
[Round "?"]
[White "Vrnak, Michal"]
[Black "Hnilicka, Michal"]
[Result "0-1"]
[WhiteElo "1800"]
[BlackElo "1999"]
[PlyCount "114"]
[EventDate "2003.??.??"]
[EventType "corr"]
[EventRounds "2"]
[SourceDate "2005.03.12"]

1. d4 Nf6 2. c4 c5 3. Nf3 cxd4 4. Nxd4 e5 5. Nb5 d5 6. cxd5 Bc5 7. N5c3 O-O 8.
e3 e4 9. Be2 Qe7 10. a3 Rd8 11. b4 Bd6 12. Bb2 a5 13. bxa5 Be5 14. Qc2 Rxa5 15.
Nd2 Rc5 16. Bc4 Bf5 17. Na4 Rc7 18. Bxe5 Qxe5 19. Qb2 Qxb2 20. Nxb2 Nxd5 21. a4
Nc6 22. Bxd5 Rxd5 23. Nbc4 Nb4 24. Ke2 Bg4+ 25. f3 Be6 26. Na3 Rcd7 27. Rhd1
exf3+ 28. gxf3 Nd3 29. Nf1 g6 30. Rab1 Nc5 31. Rxd5 Bxd5 32. e4 Bc6 33. a5 f5
34. exf5 Rd3 35. Nc4 Bxf3+ 36. Kf2 Be4 37. Nfd2 Rxd2+ 38. Nxd2 Bxb1 39. Nxb1
gxf5 40. Nd2 Kf7 41. Ke3 Ke6 42. h3 Ke5 43. h4 Ne6 44. Nc4+ Kd5 45. Nb6+ Kd6
46. h5 h6 47. Nc8+ Ke5 48. Ne7 f4+ 49. Kf2 Ng5 50. Kg2 Ke4 51. Ng8 Nf7 52. Nf6+
Kf5 53. Ne8 Ke5 54. Nc7 Ke4 55. Nb5 Ke3 56. Nc3 f3+ 57. Kf1 Nd6 0-1

[Event "MCRE_O15"]
[Site "?"]
[Date "2003.??.??"]
[Round "?"]
[White "Vrnak, Michal"]
[Black "Jezek, Otakar"]
[Result "1-0"]
[WhiteElo "1800"]
[BlackElo "1800"]
[PlyCount "107"]
[EventDate "2003.??.??"]
[EventType "corr"]
[EventRounds "2"]
[SourceDate "2005.03.12"]

1. d4 d5 2. c4 Nf6 3. Nf3 e6 4. Nc3 dxc4 5. e3 Nc6 6. Bxc4 Be7 7. O-O O-O 8.
Qe2 Bd6 9. Bb5 Ne7 10. e4 c6 11. Bd3 Bc7 12. Bg5 Nd7 13. e5 f6 14. Bd2 Qe8 15.
Ne4 Nd5 16. exf6 N7xf6 17. Ne5 Nxe4 18. Qxe4 Qh5 19. Rae1 a6 20. Bg5 Nf6 21.
Qe3 Bxe5 22. dxe5 Ng4 23. Qh3 Qxh3 24. gxh3 Nh6 25. Bxh6 gxh6 26. Re3 Kh8 27.
Be4 Rd8 28. Kg2 Rg8+ 29. Kf3 Rg5 30. Rd1 Rxe5 31. Rd8+ Kg7 32. Kf4 Rh5 33. Rf3
e5+ 34. Ke3 Rh4 35. Rg3+ Kf7 36. f3 Rh5 37. Rgg8 Rg5 38. Rgf8+ Ke7 39. Rxc8
Rxc8 40. Rxc8 Kd6 41. b4 Rh5 42. Rh8 Rxh3 43. Rxh7 Rxh2 44. Rxb7 Rxa2 45. Bf5
Ra3+ 46. Ke4 c5 47. Rb6+ Kc7 48. bxc5 Rc3 49. Kd5 Rxf3 50. Rf6 a5 51. Rf7+ Kb8
52. Kd6 Rf1 53. c6 Rc1 54. c7+ 1-0

[Event "MCRE_O15"]
[Site "?"]
[Date "2003.??.??"]
[Round "?"]
[White "Vrnak, Michal"]
[Black "Lasik, Petr"]
[Result "1-0"]
[WhiteElo "1800"]
[BlackElo "1800"]
[PlyCount "119"]
[EventDate "2003.??.??"]
[EventType "corr"]
[EventRounds "2"]
[SourceDate "2005.03.12"]

1. d4 d5 2. c4 c6 3. Nf3 dxc4 4. e3 b5 5. a4 Nf6 6. axb5 cxb5 7. b3 a5 8. Nbd2
e6 9. bxc4 b4 10. c5 Be7 11. Nc4 O-O 12. Nb6 Ra7 13. Nxc8 Qxc8 14. Bd2 Nc6 15.
Bb5 Ra8 16. O-O Qb7 17. Qa4 Na7 18. Bd3 Nc6 19. Rfd1 Rfd8 20. Bc1 Nd5 21. Bb2
Bf6 22. Nd2 Rdb8 23. Nc4 Qc7 24. Be4 Ra7 25. Nd6 Qd7 26. Bd3 Nc7 27. Bc4 Be7
28. Nb5 Rab7 29. Nxc7 Qxc7 30. Bd3 Ra7 31. Be4 Rc8 32. Qc2 g6 33. Ra4 Bf8 34.
Qb3 Ne7 35. Rda1 Rb8 36. Qa2 Nc6 37. Bxc6 b3 38. Qa3 Qxc6 39. Rxa5 Rxa5 40.
Qxa5 Qe4 41. Qc3 Qc2 42. Rc1 Qxc3 43. Rxc3 Be7 44. Kf1 Bd8 45. Ke2 Kf8 46. Kd3
Ba5 47. Rc1 Ke7 48. Ra1 Bc7 49. e4 f5 50. f3 Kd7 51. d5 fxe4+ 52. fxe4 exd5 53.
exd5 Rb4 54. Ra7 Kc8 55. d6 Bxd6 56. cxd6 Rb7 57. Rxb7 Kxb7 58. Kd4 Kc6 59. Ke5
Kd7 60. g4 1-0

[Event "MCRE_O15"]
[Site "?"]
[Date "2003.??.??"]
[Round "?"]
[White "Vrnak, Michal"]
[Black "Listopad, Martin"]
[Result "1-0"]
[WhiteElo "1800"]
[BlackElo "2000"]
[PlyCount "39"]
[EventDate "2003.??.??"]
[EventType "corr"]
[EventRounds "2"]
[SourceDate "2005.03.12"]

1. d4 Nf6 2. c4 g6 3. Nf3 Bg7 4. g3 d5 5. cxd5 Nxd5 6. Bg2 Nb6 7. Nc3 Nc6 8. e3
e5 9. O-O Bg4 10. h3 Bxf3 11. Qxf3 exd4 12. exd4 O-O 13. Be3 f5 14. Rfd1 f4 15.
gxf4 Nxd4 16. Qxb7 c5 17. Rac1 Rf7 18. Qa6 Rb8 19. a4 Qc8 20. Qxc8+ 1-0

[Event "MCRE_O15"]
[Site "?"]
[Date "2003.??.??"]
[Round "?"]
[White "Vrnak, Michal"]
[Black "Pauschek, Roman"]
[Result "1/2-1/2"]
[WhiteElo "1800"]
[BlackElo "2082"]
[PlyCount "105"]
[EventDate "2003.??.??"]
[EventType "corr"]
[EventRounds "2"]
[SourceDate "2005.03.12"]

1. e4 e5 2. Nf3 Nc6 3. Bb5 a6 4. Ba4 Nf6 5. O-O Be7 6. Re1 b5 7. Bb3 O-O 8. a4
b4 9. d3 d6 10. a5 Bg4 11. Be3 d5 12. Nbd2 h6 13. h3 d4 14. hxg4 dxe3 15. fxe3
Nxg4 16. Bd5 Qd7 17. Nc4 Rab8 18. Rf1 Bd6 19. Bxc6 Qxc6 20. Nfd2 Qd7 21. Qe2 f5
22. exf5 Rxf5 23. Ne4 Rd8 24. Rad1 Qe6 25. Rf3 Rxf3 26. Qxf3 Rf8 27. Qg3 Nf6
28. Qg6 Qd5 29. Ng3 Qf7 30. Qxf7+ Kxf7 31. Nf5 Rd8 32. d4 e4 33. Rf1 Bf8 34.
Ng3 Kg8 35. c3 Re8 36. Kf2 g6 37. Ke1 Kg7 38. Kd2 bxc3+ 39. bxc3 Rb8 40. Rf4
Re8 41. Rh4 Bd6 42. Nxd6 cxd6 43. c4 Rb8 44. Kc2 g5 45. Rh1 Kg6 46. Rf1 Ng4 47.
Re1 Nf6 48. Rf1 Ng4 49. Kd2 Rb3 50. Nf5 Rd3+ 51. Ke2 Ra3 52. Ne7+ Kg7 53. Nf5+
1/2-1/2

[Event "MCRE_O15"]
[Site "?"]
[Date "2003.??.??"]
[Round "?"]
[White "Vrnak, Michal"]
[Black "Popelka, Miloslav"]
[Result "1-0"]
[WhiteElo "1800"]
[BlackElo "1800"]
[PlyCount "117"]
[EventDate "2003.??.??"]
[EventType "corr"]
[EventRounds "2"]
[SourceDate "2005.03.12"]

1. d4 Nf6 2. c4 g6 3. Nc3 d5 4. Nf3 Bg7 5. Qb3 dxc4 6. Qxc4 O-O 7. e4 a6 8. e5
Nfd7 9. Be3 Nb6 10. Qb3 Be6 11. Qd1 Nc6 12. Be2 Qd7 13. O-O Rad8 14. Qc1 Qc8
15. Rd1 f6 16. Bh6 fxe5 17. Bxg7 Kxg7 18. Qe3 Rxf3 19. Qxf3 exd4 20. Ne4 d3 21.
Rxd3 Ne5 22. Qg3 Nxd3 23. Bxd3 Qd7 24. Be2 Bf5 25. Nc5 Qc6 26. Qc3+ Kg8 27. Bf3
Nd5 28. Rd1 Rd6 29. Qd4 Nf4 30. Bxc6 Rxd4 31. Rxd4 Ne2+ 32. Kf1 Nxd4 33. Bxb7
a5 34. Ke1 e5 35. Kd2 Kf7 36. Kc3 Ke7 37. Kc4 c6 38. f4 Kd6 39. Ba8 Bb1 40. a4
Bc2 41. Nb7+ Kc7 42. fxe5 Ne6 43. Nc5 Nxc5 44. Kxc5 Bxa4 45. e6 Bb3 46. Bxc6
Bxe6 47. Ba4 g5 48. Kb5 Bd5 49. g3 h5 50. Kxa5 Bb7 51. h4 gxh4 52. gxh4 Bc8 53.
b4 Bg4 54. Bb5 Be6 55. Be8 Bg4 56. Kb5 Kd6 57. Kc4 Bd1 58. Kd4 Ke6 59. b5 1-0

[Event "MCRE_O15"]
[Site "?"]
[Date "2003.??.??"]
[Round "?"]
[White "Listopad, Martin"]
[Black "Pauschek, Roman"]
[Result "0-1"]
[WhiteElo "2000"]
[BlackElo "2082"]
[PlyCount "60"]
[EventDate "2003.??.??"]
[EventType "corr"]
[EventRounds "2"]
[SourceDate "2005.03.12"]

1. e4 e5 2. Nf3 Nc6 3. Bb5 a6 4. Ba4 Nf6 5. d4 exd4 6. O-O Be7 7. Qe2 O-O 8. e5
Ne8 9. Rd1 b5 10. Bb3 d5 11. c3 Na5 12. Bc2 dxc3 13. Qd3 g6 14. Nxc3 c6 15. Bh6
Ng7 16. Re1 f6 17. b3 b4 18. Ne2 fxe5 19. Nxe5 Bc5 20. Nd4 Rxf2 21. Be3 Bxd4
22. Bxf2 Bxa1 23. Rxa1 Bf5 24. Qf3 Qd6 25. Ng4 Bxg4 26. Qxg4 Rf8 27. Rc1 c5 28.
Bd3 Nb7 29. Rd1 Qf6 30. Qe2 Ne6 0-1

[Event "MCRE_O15"]
[Site "?"]
[Date "2003.??.??"]
[Round "?"]
[White "Pauschek, Roman"]
[Black "Listopad, Martin"]
[Result "1-0"]
[WhiteElo "2082"]
[BlackElo "2000"]
[PlyCount "57"]
[EventDate "2003.??.??"]
[EventType "corr"]
[EventRounds "2"]
[SourceDate "2005.03.12"]

1. d4 Nf6 2. c4 g6 3. Nc3 Bg7 4. e4 O-O 5. Nf3 d6 6. Be2 e5 7. O-O Nc6 8. d5
Ne7 9. b4 Nh5 10. Re1 f5 11. Ng5 Nf4 12. Bxf4 exf4 13. Rc1 h6 14. Ne6 Bxe6 15.
dxe6 Bxc3 16. Rxc3 fxe4 17. Bf1 e3 18. fxe3 f3 19. gxf3 Nf5 20. e4 Qg5+ 21. Kh1
Ne7 22. c5 Rad8 23. Qc1 Qh4 24. cxd6 Rxd6 25. Rxc7 Rxf3 26. Bg2 Rf2 27. Qe3
Rdd2 28. Rg1 Qg4 29. Qxa7 1-0

[Event "MCRE_O15"]
[Site "?"]
[Date "2003.??.??"]
[Round "?"]
[White "Hnilicka, Michal"]
[Black "Pauschek, Roman"]
[Result "1/2-1/2"]
[WhiteElo "1999"]
[BlackElo "2082"]
[PlyCount "65"]
[EventDate "2003.??.??"]
[EventType "corr"]
[EventRounds "2"]
[SourceDate "2005.03.12"]

1. e4 e5 2. Nf3 Nc6 3. Bb5 a6 4. Ba4 Nf6 5. O-O Be7 6. Re1 b5 7. Bb3 d6 8. c3
O-O 9. h3 Na5 10. Bc2 c5 11. d4 Qc7 12. Nbd2 cxd4 13. cxd4 Bb7 14. d5 Rac8 15.
Bd3 Nd7 16. Nf1 f5 17. Ng3 f4 18. Nf5 Bd8 19. b3 Rxf5 20. exf5 Bxd5 21. Ba3 Nf6
22. Rc1 Nc6 23. Nh2 h5 24. Nf3 Qd7 25. Ng5 Ba5 26. Rf1 Re8 27. Be4 Nd4 28.
Bxd5+ Nxd5 29. Qxh5 Nf6 30. Qg6 Ne2+ 31. Kh2 b4 32. Bb2 Nxc1 33. Rxc1 1/2-1/2

[Event "MCRE_O15"]
[Site "?"]
[Date "2003.??.??"]
[Round "?"]
[White "Pauschek, Roman"]
[Black "Hnilicka, Michal"]
[Result "1/2-1/2"]
[WhiteElo "2082"]
[BlackElo "1999"]
[PlyCount "62"]
[EventDate "2003.??.??"]
[EventType "corr"]
[EventRounds "2"]
[SourceDate "2005.03.12"]

1. d4 Nf6 2. c4 e6 3. Nc3 Bb4 4. Qc2 O-O 5. a3 Bxc3+ 6. Qxc3 b6 7. Bg5 Bb7 8.
f3 h6 9. Bh4 d5 10. e3 Nbd7 11. Nh3 c5 12. dxc5 bxc5 13. Bd3 Qb6 14. O-O a5 15.
Rab1 Ba6 16. e4 Rab8 17. b3 d4 18. Qd2 e5 19. Qe2 Qc7 20. f4 Rbe8 21. f5 Ra8
22. Nf2 Rfb8 23. Ng4 Rb6 24. Nxf6+ Nxf6 25. Rb2 Bb7 26. Re1 Qd6 27. Qf3 Qc6 28.
Bg3 Re8 29. Ree2 Ba8 30. Rb1 Qb7 31. Bc2 Qc6 1/2-1/2

[Event "MCRE_O15"]
[Site "?"]
[Date "2003.??.??"]
[Round "?"]
[White "Pauschek, Roman"]
[Black "Jezek, Otakar"]
[Result "1-0"]
[WhiteElo "2082"]
[BlackElo "1800"]
[PlyCount "71"]
[EventDate "2003.??.??"]
[EventType "corr"]
[EventRounds "2"]
[SourceDate "2005.03.12"]

1. d4 d5 2. c4 dxc4 3. Nf3 b5 4. e3 Bg4 5. a4 c6 6. axb5 cxb5 7. Na3 Qb6 8. b3
e5 9. bxc4 exd4 10. Nxb5 Nc6 11. exd4 Bb4+ 12. Bd2 Bxf3 13. Qxf3 Bxd2+ 14. Kxd2
Rd8 15. Qe3+ Nge7 16. d5 Qb7 17. Bd3 O-O 18. Rhb1 Qd7 19. dxc6 Nxc6 20. Nc3
Rde8 21. Qf4 Re6 22. Nd5 Rd8 23. Ra6 Qc8 24. Rxc6 Qxc6 25. Qh4 g6 26. Qxd8+ Kg7
27. Rb8 Qd6 28. Qh8+ Kh6 29. f4 Qc5 30. Rg8 Qf2+ 31. Kc3 Qe1+ 32. Kb3 Qd1+ 33.
Bc2 Qe1 34. Qg7+ Kh5 35. Qxh7+ Kg4 36. Qh3# 1-0

[Event "MCRE_O15"]
[Site "?"]
[Date "2003.??.??"]
[Round "?"]
[White "Lasik, Petr"]
[Black "Pauschek, Roman"]
[Result "0-1"]
[WhiteElo "1800"]
[BlackElo "2082"]
[PlyCount "52"]
[EventDate "2003.??.??"]
[EventType "corr"]
[EventRounds "2"]
[SourceDate "2005.03.12"]

1. e4 e5 2. Nf3 Nc6 3. Bb5 a6 4. Ba4 Nf6 5. O-O Be7 6. Re1 b5 7. Bb3 O-O 8. c3
d5 9. exd5 Nxd5 10. Nxe5 Nxe5 11. Rxe5 c6 12. d4 Bd6 13. Re1 Qh4 14. g3 Qh3 15.
Re4 g5 16. Nd2 f5 17. Re3 Kh8 18. Bxd5 cxd5 19. Qe2 f4 20. gxf4 Qh6 21. Rg3
gxf4 22. Nf3 Qh5 23. Rg5 Rg8 24. Rxg8+ Kxg8 25. Bd2 Kh8 26. Re1 Bh3 0-1